000 00370cam a2200157ua 4500
041 _amal
_h
082 _a894.812 803
_bRAJ/SM
100 _aRaja, K K .
245 _aSmruti Madhuyam /
_cK K Raja.
_hTextual Documents
250 _a1 /
_b.
260 _aThrissur :
_bMangalodayam ,
_c1954.
300 _a102 ; .
504 _a
942 _cBK
999 _c3759
_d3759